The Heritage Strategy Review (Record no. 63701)

MARC details
000 -LEADER
fixed length control field 00744cam a2200193 4500
001 - CONTROL NUMBER
control field ABS62298
008 - FIXED-LENGTH DATA ELEMENTS--GENERAL INFORMATION
fixed length control field 000000n2000 000 0 eng u
035 ## - SYSTEM CONTROL NUMBER
System control number (Sirsi) u106352
100 ## - MAIN ENTRY--PERSONAL NAME
Personal name Morris, R.
245 #4 - TITLE STATEMENT
Title The Heritage Strategy Review
260 ## - PUBLICATION, DISTRIBUTION, ETC.
Date of publication, distribution, etc. 2000
490 ## - SERIES STATEMENT
Series statement Conservation Bulletin
Volume/sequential designation (37) March 2000, 2-5(4)
520 ## - SUMMARY, ETC.
Summary, etc. An introduction by an English Heritage Commissioner to the ' first ever comprehensive review' of policy and strategy for England's historic environment, an exercise announced by government in February 2000.
590 ## - LOCAL NOTE (RLIN)
Local note ABS
650 ## - SUBJECT ADDED ENTRY--TOPICAL TERM
Topical term or geographic name entry element HISTORIC ENVIRONMENT
650 ## - SUBJECT ADDED ENTRY--TOPICAL TERM
Topical term or geographic name entry element GOVERNMENT POLICY
690 ## - LOCAL SUBJECT ADDED ENTRY--TOPICAL TERM (OCLC, RLIN)
Topical term or geographic name as entry element BUILT ENVIRONMENT-BUILDING MAINTENANCE AND REFURBISHMENT-BUILDING CONSERVATION
942 ## - ADDED ENTRY ELEMENTS (KOHA)
Suppress in OPAC 0
Holdings
Withdrawn status Lost status Source of classification or shelving scheme Damaged status Not for loan Home library Current library Shelving location Date acquired Total Checkouts Full call number Barcode Date last seen Copy number Price effective from Koha item type
    Dewey Decimal Classification     London London Journal article 07/06/2000   ABS62298 106352-1001 06/08/2019 1 06/08/2019 Journal article